Global politics / (Record no. 170380)

MARC details
000 -LEADER
fixed length control field 00612nam a2200193 4500
005 - DATE AND TIME OF LATEST TRANSACTION
control field 20191213151438.0
010 ## - LCCN (DPL NO)
LC control number ENG-127133
020 ## - INTERNATIONAL STANDARD BOOK NUMBER
International Standard Book Number 9789389588385
Terms of availability 300.00
035 ## - SYSTEM CONTROL NUMBER
System control number EN-110665
037 ## - SOURCE OF ACQUISITION
Source of stock number/acquisition DBAD/PUB
082 ## - DEWEY DECIMAL CLASSIFICATION NUMBER
Classification number 327.1
100 ## - MAIN ENTRY--PERSONAL NAME
Personal name Dattagupta, Rupak
245 ## - TITLE STATEMENT
Title Global politics /
Remainder of title by Rupak Dattagupta
260 ## - PUBLICATION, DISTRIBUTION, ETC. (IMPRINT)
Place of publication, distribution, etc Noida
Name of publisher, distributor, etc Pearson India Education
Date of publication, distribution, etc 2020
270 ## - ADDRESS
Address 15th Floor, Tower-b, World Trade Tower, Plot No.-1, Block -C, Sector 16
City Noida
Postal code 201301
300 ## - PHYSICAL DESCRIPTION
Extent xiii;240p.
Dimensions 23cm(pbk)
500 ## - GENERAL NOTE
General note Includes references and index
942 ## - ADDED ENTRY ELEMENTS (KOHA)
Source of classification or shelving scheme Dewey Decimal Classification
Item type English Books
Classification part 327.1
Call number suffix DAT
Holdings
Withdrawn status Lost status Not for loan Collection code Home library Current library Date acquired Source of acquisition Cost, normal purchase price Full call number Barcode Copy number Cost, replacement price Koha item type
      Non-fiction Sarojini Nagar Sarojini Nagar 13/12/2019 DBAD/PUB 300.00 327.1 DAT EN-110665 1 300.00 English Books

© Delhi Public Library
Hit Counter
free hit counter